Obras escogidas

Saved in:
Bibliografiske detaljer
Hovedforfatter: Cox y Méndez, Guillermo (Author)
Format: Bog
Sprog:spansk
Udgivet: Santiago, Chile Barcelona 1892
Fag:
Tags: Tilføj Tag
Ingen Tags, Vær først til at tagge denne postø!

MARC

LEADER 00000nam a2200000 a 4500
001 UCO1570
003 CL-VaPUC
005 20230531074350.0
008 000519e18920000CL |||||||||||||||||spa|d
999 |c 288179  |d 288177 
040 |c Pontificia Universidad Católica de Valparaíso 
082 0 4 |a 983 COX 1892  |2 21 
100 0 |a Cox y Méndez, Guillermo  |e author  |9 443860 
245 1 0 |a Obras escogidas 
260 |a Santiago, Chile  |b Barcelona  |c 1892 
300 |a 648 páginas 
583 |a last modification  |c 20000519 00:00:00  |k Rodrigo Vera 
650 0 |a Historia de Chile  |9 265473 
650 7 |a EPOCA COLONIAL  |2 CL-VaPUC  |9 443861  |z CHILE 
650 0 |a Historia política  |z CHILE  |9 256974 
650 0 |a Literatura chilena   |9 308278 
852 |a BIBCUR 
942 |c BK  |2 ddc 
945 |d 20000519 00:00:00  |a crobeson 
952 |0 0  |1 0  |2 ddc  |4 0  |6 983_000000000000000_COX_1892  |7 0  |8 A  |9 335639  |a BIBHIS  |b BIBHIS  |d 2019-11-20  |i 1276530  |o 983 COX 1892  |p 1276530  |r 2025-01-20  |t 1  |w 2019-11-20  |y BK  |k HIS